000 01212cam a22003377a 4500
003 CHAP
005 20220329134025.0
008 971013s1968 ar r 00010 spa d
010 _a14265
011 _a15237
035 _a19312
040 _cCHAP
082 0 4 _a631.1
_bC38Y
100 0 0 _aCastle, Emery N.
_920276
245 1 0 _aAdministración de empresas agropecuarias :
_bel proceso de toma de decisiones
_c/por Emery N. Castle
260 _aBuenos Aires :
_bEl Ateneo,
_c1968
300 _a332 p.
590 _aBATCH-UPD
_b10
_c20130110
_lUCH01
_h0104
590 _aBATCH-UPD
_b10
_c20130110
_lUCH01
_h1741
590 _aBATCH-UPD
_b10
_c20130410
_lUCH01
_h1120
590 _aBATCH-UPD
_b10
_c20130914
_lUCH01
_h0858
590 _aCONVERSION
_b10
_c20130109
_lUCH01
_h1309
650 1 4 _aCiencias políticas.
_923206
650 1 4 _aEmpresas agropecuarias.
_936649
700 0 _aBecker, Manning Henry.
_911206
901 _aBK
942 _cLIBRO
949 _a631.1 C38Y
_bBC
_cLIBRO
_d33724000055059
_eLIBRO
_fc.2
_h39486
_i19312
_mD
_si
_t114.00
949 _a631.1 C38Y
_bBC
_cLIBRO
_d33724000055067
_eLIBRO
_fc.3
_h39820
_i19312
_si
_t114.00
949 _a631.1 C38Y
_bBC
_cLIBRO
_d33724000806980
_eLIBRO
_h13834
_i19312
_si
_t114.00
999 _c14265
_d14265